| 000 | 00815nam a22002417a 4500 | ||
|---|---|---|---|
| 003 | OSt | ||
| 005 | 20260601193858.0 | ||
| 008 | 260421b1973 mx |||| |||| 00| 0 spa d | ||
| 040 |
_aICI _bspa _cICI |
||
| 050 |
_aLC191 _bF7318 1973 |
||
| 100 |
_aFreire, Paulo, _eautor |
||
| 245 |
_a¿Extencion o comunicacion? : _b la concientizacion en el medio rural / _cpor Paulo Freire ; traducción de Lilian Ronzoni |
||
| 246 | _a La concientizacion en el medio rural | ||
| 264 |
_aMéxico : _bSiglo XXI, _c1973 |
||
| 300 |
_a108 paginas _c17 cm. |
||
| 336 |
_2rdacontent _atexto |
||
| 337 |
_2rdamedia _asin medio |
||
| 338 |
_2rdacarrier _avolumen |
||
| 650 |
_aEducación rural _z America Latina _933329 |
||
| 650 |
_aSociología de la educación _zHispanoamerica _933330 |
||
| 700 | _aFreire, Paulo, | ||
| 942 |
_2lcc _cB |
||
| 999 |
_c22117 _d22117 |
||